| 000 | 00518cam a22002052a 4500 | ||
|---|---|---|---|
| 001 | 025017 | ||
| 003 | AR-FADEU | ||
| 008 | 311216n1963####xxu####################dd | ||
| 092 |
_a185 _bB894 _eJLS |
||
| 100 | _aBrun, Jean | ||
| 245 | _aAristóteles y el Liceo | ||
| 260 | _aBuenos Aires | ||
| 260 | _bEUDEBA | ||
| 260 | _c1963 | ||
| 300 | _a63 p | ||
| 440 |
_aLos indispensables _n77 |
||
| 500 | _aIncluye bibliografía | ||
| 650 | _aFILOSOFIA GRIEGA-ARISTOTELES; FILOSOFIA ARISTOTELICA/JLS/ | ||
| 942 | _cJLS | ||
| 999 |
_c30703 _d30703 |
||